<?xml version="1.0" encoding="UTF-8"?>
<record
    xmlns:xsi="http://www.w3.org/2001/XMLSchema-instance"
    xsi:schemaLocation="http://www.loc.gov/MARC21/slim http://www.loc.gov/standards/marcxml/schema/MARC21slim.xsd"
    xmlns="http://www.loc.gov/MARC21/slim">

  <leader>00480nam a22001457a 4500</leader>
  <controlfield tag="005">20161223113641.0</controlfield>
  <controlfield tag="008">161223b        xxu||||| |||| 00| 0 eng d</controlfield>
  <datafield tag="040" ind1=" " ind2=" ">
    <subfield code="c">PK-LaUMT</subfield>
  </datafield>
  <datafield tag="082" ind1=" " ind2=" ">
    <subfield code="a">291</subfield>
    <subfield code="b">MAZ-I</subfield>
  </datafield>
  <datafield tag="100" ind1=" " ind2=" ">
    <subfield code="a">&#x645;&#x638;&#x6C1;&#x631;&#x627;&#x644;&#x62F;&#x6CC;&#x646; &#x635;&#x62F;&#x6CC;&#x642;&#x6CC; &#x60C; &#x645;&#x62D;&#x645;&#x62F;</subfield>
  </datafield>
  <datafield tag="245" ind1=" " ind2=" ">
    <subfield code="a">&#x627;&#x633;&#x644;&#x627;&#x645; &#x627;&#x648;&#x631; &#x645;&#x632;&#x627;&#x6C1;&#x628; &#x639;&#x627;&#x644;&#x645; </subfield>
    <subfield code="b">&#x62A;&#x642;&#x627;&#x628;&#x644;&#x6CC; &#x645;&#x637;&#x644;&#x639;&#x6C1;</subfield>
    <subfield code="c">&#x645;&#x62D;&#x645;&#x62F; &#x645;&#x638;&#x6BE;&#x631;&#x627;&#x644;&#x62F;&#x6CC;&#x646; &#x635;&#x62F;&#x6CC;&#x642;&#x6CC;</subfield>
  </datafield>
  <datafield tag="260" ind1=" " ind2=" ">
    <subfield code="a">&#x644;&#x627;&#x6C1;&#x648;&#x631;</subfield>
    <subfield code="b">&#x627;&#x62F;&#x627;&#x631;&#x6C1; &#x62B;&#x642;&#x627;&#x641;&#x62A; &#x627;&#x633;&#x644;&#x627;&#x645;&#x6CC;&#x6C1;</subfield>
    <subfield code="c">2014</subfield>
  </datafield>
  <datafield tag="300" ind1=" " ind2=" ">
    <subfield code="a">246 &#x635;</subfield>
  </datafield>
  <datafield tag="942" ind1=" " ind2=" ">
    <subfield code="c">BK</subfield>
  </datafield>
  <datafield tag="999" ind1=" " ind2=" ">
    <subfield code="c">89396</subfield>
    <subfield code="d">89396</subfield>
  </datafield>
  <datafield tag="952" ind1=" " ind2=" ">
    <subfield code="0">0</subfield>
    <subfield code="1">0</subfield>
    <subfield code="4">0</subfield>
    <subfield code="7">0</subfield>
    <subfield code="a">01</subfield>
    <subfield code="b">01</subfield>
    <subfield code="d">2016-12-23</subfield>
    <subfield code="l">9</subfield>
    <subfield code="o">291 MAZ-I</subfield>
    <subfield code="p">103579</subfield>
    <subfield code="r">2026-05-20 14:30:48</subfield>
    <subfield code="s">2026-05-05</subfield>
    <subfield code="w">2016-12-23</subfield>
    <subfield code="y">BK</subfield>
  </datafield>
</record>
